| 000 | 00613cam a22002173a 4500 | ||
|---|---|---|---|
| 001 | 8504 | ||
| 003 | PGUSA | ||
| 005 | 20140828083201.0 | ||
| 008 | 050701s2005||||xxu|||||s|||||000 | eng d | ||
| 040 |
_aPGUSA _beng |
||
| 042 | _adc | ||
| 050 | 4 | _aT | |
| 245 | 1 | 0 |
_aScientific American Supplement, No. 358, November 11, 1882 _h[electronic resource] / _cVarious |
| 260 |
_bProject Gutenberg, _c2005 |
||
| 506 | _aPublic domain in the USA. | ||
| 516 | _aElectronic text | ||
| 653 | _aScience -- Periodicals | ||
| 830 | 0 |
_aProject Gutenberg _v8504 |
|
| 856 | 4 | 0 | _uhttp://www.gutenberg.org/ebooks/8504 |
| 942 | _cEB | ||
| 999 |
_c237804 _d237804 |
||